000 00588nam a2200205Ii 4500
001 12211
003 CO-ViMGA
008 241108s9999||||xx |||||||||||||| ||und||
040 _aCO-ViMGA
_bspa
_erda
_cCO-ViMGA
041 0 _aunk
082 0 4 _a321.07-M867
100 1 _aNicolás Maquiavelo
_950813
245 1 0 _a<El> Principe
264 1 _a[Lugar de publicación no identificado] : Norma, 1992
300 _avolumen
336 _atext
_btxt
_2rdacontent
337 _aunmediated
_bn
_2rdamedia
338 _avolume
_bnc
_2rdacarrier
940 _aidficha_siabuc: 11920. -- ficha_no_siabuc:12211
999 _c54357
_d54357